Monitorovanie prieniku dusičnanov z poľnohospodárskych zdrojov do podzemných vôd : Dizertačná práca

Gespeichert in:
Bibliographische Detailangaben
1. Verfasser: Nagyová, Jana (Verfasst von)
Format: Manuskript Buch
Sprache:Slowakisch
Veröffentlicht: Bratislava : STU v Bratislave SvF, 2007
Tags: Tag hinzufügen
Keine Tags, Fügen Sie das erste Tag hinzu!

MARC

LEADER 00000ntm a22000003a 4500
001 stu203214
005 20160721135351.4
008 100504s2007----xo------------------slo-d
040 |a STU  |b slo 
041 0 |a slo 
044 |a xo 
100 1 |a Nagyová, Jana  |4 aut 
245 1 |a Monitorovanie prieniku dusičnanov z poľnohospodárskych zdrojov do podzemných vôd :  |b Dizertačná práca 
260 |a Bratislava :  |b STU v Bratislave SvF,  |c 2007 
300 |a 101 s 
996 |b 284V033627  |c V*2678/DP-891  |l VVS  |s P  |a 0  |w stu203214_0001